000 01255cam a22003131i 4500
001 gs 57000161
003 DLC
005 20260227111405.0
008 780317s1957 dcuab b f000 0 eng
010 _ags 57000161
035 _a(OCoLC)3727048
040 _aDLC
_cOClU
_dISS
_dOCoLC
_dDLC
043 _an-us-co
050 0 0 _aQE75
_b.P9 no. 289
051 _aQE92.G3
_bD5
086 0 _aI 19.16:289
100 1 _aDings, McClelland G.
_q(McClelland Griffith),
_d1902-
245 0 0 _aGeology and ore deposits of the Garfield quadrangle, Colorado /
_cby McClelland G. Dings and Charles S. Robinson. Prepared in cooperation with the Colorado Metal Mining Fund.
260 _aWashington :
_bU.S. Govt. Print. Off.,
_c1957.
300 _a110 p. :
_bill., maps (part col.) ;
_c29 cm.
410 2 0 _aGeological Survey (U.S.).
_tProfessional paper ;
_v289
500 _aPart of illustrative matter folded in pocket.
504 _aBibliography : p. 107.
650 0 _aGeology
_zColorado
_zChaffee County.
650 0 _aGeology
_zColorado
_zGunnison County.
650 0 _aMines and mineral resources
_zColorado
_zChaffee County.
650 0 _aMines and mineral resources
_zColorado
_zGunnison County.
700 1 _aRobinson, Charles Sherwood,
_d1920-
_ejoint author.
999 _c29148
_d29148